000 00903nam a2200277 a 4500
001 000027741
003 DO-SdBNP
005 20211025140022.0
007 ta
008 110404s1933 it a 000 | ita d
040 _aDO-SdBNP
_bspa
_cBNPHU
041 1 7 _ait
082 4 _a583.68
_bC569v
_222
100 1 _aCiferri, Raffaele,
_d1897-
_954818
245 1 0 _aVarietà, forme e razze di cacao coltivate in San Domingo /
_cR. Ciferri.
260 _aRoma :
_bReale Accademia D'Italia,
_c1933.
300 _av. :
_bil. ;
_c25 cm.
490 1 _aMemorie della classe de Scienze fisiche, matematiche e naturali
_v4
546 _aItaliano
590 _aInventariado, 2021 / DG
650 1 4 _aCacao
_954819
650 1 4 _aSemillas de cacao
_954820
830 0 _aMemorie della classe de Scienze fisiche, matematiche e naturali
_v4
_954821
910 _aValidado. Control de la calidad EMS.
942 _2ddc
_cLBS1
999 _c27233
_d27233